| 000 | 01638nam0a2200337 4500 | ||
|---|---|---|---|
| 001 | RU\NLR\bibl\428823 | ||
| 005 | 20260408194925.0 | ||
| 010 |
_a5-87247-307-9 _95000 |
||
| 021 |
_aRU _b2003-38966 _91856 |
||
| 035 | _a(NLR Aleph) 000422691 | ||
| 090 |
_a704997 _c704997 |
||
| 100 | _a20030814d2003 |||y0rusy50 ca | ||
| 101 | 0 | _arus | |
| 102 | _aRU | ||
| 105 | _aa ||||||||| | ||
| 200 | 1 |
_a"Во Имя Твое..." _e[О протоиер. Григории Пономареве] _fОльга Пономарева |
|
| 210 |
_aКурган _cЗвонница _d2003 |
||
| 215 |
_a622, [1] с., [17] л. ил., цв. ил. _cил. _d25 |
||
| 327 | 0 | _aВ кн. также из арх. протоиер. Г. Пономарева: Разъяснения о Боге, о грехе, о диаволе; Проповеди разных лет; Сто вопросов и сто ответов на запросы христианской души; Цветник духовный: Наставления духовных отцов для прохождения духовной жизни; Из писем к дочери | |
| 600 | 1 |
_aПономарев _bГ. _gГригорий _2psbo |
|
| 600 | 1 |
_aПономарев _bГ. А. _f1914 - 1997 _gГригорий Александрович _92304149 _3RU\NLR\auth\661379332 |
|
| 686 | _aЭ372.24-37-028 | ||
| 700 | 1 |
_aПономарева _bО. Г. _gОльга Григорьевна _4070 |
|
| 801 | 0 |
_aRU _bNLR _c20030814 _gPSBO |
|
| 801 | 1 |
_aRU _bNLR _c20030814 |
|
| 942 | _cBOOK | ||
| 980 | _aNB | ||
| 980 | _aNBR | ||